[Event "African Championship 2013 Women"]
[Site "Hotel Sol Phebus - Tunis"]
[Date "2013.05.25"]
[Round "7.1"]
[White "Wafa, Shrook"]
[Black "Abdi, Zineb Dina"]
[Result "1-0"]
[WhiteElo "1965"]
[BlackElo "1905"]
[PlyCount "69"]
[EventDate "2013.05.18"]
[EventRounds "9"]
[EventCountry "TUN"]

1. e4 e5 2. Nf3 Nc6 3. Bb5 a6 4. Ba4 Nf6 5. d4 exd4 6. O-O Be7 7. Re1 b5 8. e5
Nxe5 9. Nxe5 bxa4 10. Qxd4 O-O 11. Qxa4 Bb7 12. Nc3 d6 13. Nc6 Bxc6 14. Qxc6 h6
15. b3 Re8 16. Bb2 Ra7 17. Ne4 Nd7 18. Bd4 Ra8 19. Re3 Ne5 20. Bxe5 dxe5 21.
Rd3 Qc8 22. Rd7 Ra7 23. Rad1 Qb7 24. Rxc7 Qxc7 25. Qxe8+ Kh7 26. c4 f6 27. Nc3
Qb7 28. Nd5 Bc5 29. Qe6 Qf7 30. Qxf7 Rxf7 31. b4 Bd4 32. c5 Rf8 33. c6 Rc8 34.
c7 g6 35. Rc1 1-0

[Event "African Championship 2013 Women"]
[Site "Hotel Sol Phebus - Tunis"]
[Date "2013.05.25"]
[Round "7.2"]
[White "Mezioud, Amina"]
[Black "Elansary, Eman"]
[Result "1-0"]
[WhiteElo "2029"]
[BlackElo "1859"]
[PlyCount "73"]
[EventDate "2013.05.18"]
[EventRounds "9"]
[EventCountry "TUN"]

1. e4 Nf6 2. e5 Nd5 3. d4 d6 4. c4 Nb6 5. exd6 cxd6 6. Nc3 g6 7. Be3 Bg7 8. Rc1
O-O 9. b3 Nc6 10. d5 Ne5 11. Be2 Ned7 12. Nf3 Nf6 13. O-O a5 14. Nd4 Nbd7 15.
f4 Nc5 16. f5 Nfe4 17. Nxe4 Nxe4 18. g4 gxf5 19. gxf5 Kh8 20. Kh1 Rg8 21. Qc2
Nf6 22. Rg1 Qf8 23. Nf3 Bd7 24. Ng5 h6 25. Nf3 Qc8 26. Nd4 Qe8 27. Rg3 e5 28.
fxe6 fxe6 29. dxe6 Bxe6 30. Rf1 Qe7 31. Bf3 Raf8 32. Re1 d5 33. Bxh6 Bxh6 34.
Rxe6 Qf7 35. Rh3 Qg7 36. Qc1 Nh7 37. Rexh6 1-0

[Event "African Championship 2013 Women"]
[Site "Hotel Sol Phebus - Tunis"]
[Date "2013.05.25"]
[Round "7.3"]
[White "Moaataz, Ayah"]
[Black "Tlale, Tshepang"]
[Result "1/2-1/2"]
[WhiteElo "1923"]
[BlackElo "1790"]
[PlyCount "156"]
[EventDate "2013.05.18"]
[EventRounds "9"]
[EventCountry "TUN"]

1. c4 e6 2. Nc3 d5 3. cxd5 exd5 4. d4 Nf6 5. g3 c5 6. Nf3 Nc6 7. Bg2 Be7 8. O-O
O-O 9. dxc5 Bxc5 10. Bg5 d4 11. Na4 Be7 12. Rc1 h6 13. Bxf6 Bxf6 14. Nc5 Qe7
15. Qd3 Rb8 16. a3 g6 17. b4 Rd8 18. Rfd1 Bg7 19. Qd2 Ne5 20. Nxe5 Qxe5 21. Nd3
Qe7 22. Qf4 Bf5 23. Bf3 Rd6 24. Nb2 Be6 25. Nc4 Bxc4 26. Rxc4 Rbd8 27. Rdc1 Kh7
28. Rc7 R8d7 29. Rc8 h5 30. Qe4 Qxe4 31. Bxe4 Re7 32. Bd3 b6 33. Bb5 Bf6 34.
R1c7 Rde6 35. Rc2 Bg7 36. a4 Re5 37. Bd3 Bf6 38. R8c6 Bg7 39. Rc8 Bf6 40. Kf1
Re8 41. R8c7 R8e7 42. R7c6 R5e6 43. b5 Bg7 44. a5 bxa5 45. Ra2 Rxc6 46. bxc6
Rc7 47. Be4 Bf8 48. Rxa5 Bb4 49. Rxh5+ Kg7 50. Rb5 Bc3 51. h4 f5 52. Bf3 Kf6
53. Rb7 Ba5 54. Rb8 Bb6 55. Ke1 Rg7 56. Kd2 Ke5 57. g4 fxg4 58. Bxg4 Kd6 59.
Bd7 Rh7 60. Rg8 Rxh4 61. Rxg6+ Kc7 62. Bg4 Rh1 63. f4 Rf1 64. f5 a5 65. Re6 a4
66. f6 Bc5 67. Kc2 a3 68. Kb3 Bd6 69. Bh5 Rf2 70. Be8 Rh2 71. f7 Rh3+ 72. Ka2
Bf8 73. Re4 d3 74. exd3 Rxd3 75. Ra4 Rd2+ 76. Kb3 Rb2+ 77. Kc4 Rf2 78. Ra8 Rf5
1/2-1/2

[Event "African Championship 2013 Women"]
[Site "Hotel Sol Phebus - Tunis"]
[Date "2013.05.25"]
[Round "7.4"]
[White "Nouali, Djouher"]
[Black "Mudongo, Boikhutso"]
[Result "0-1"]
[WhiteElo "1727"]
[BlackElo "1875"]
[PlyCount "130"]
[EventDate "2013.05.18"]
[EventRounds "9"]
[EventCountry "TUN"]

1. c4 e5 2. Nc3 f5 3. e3 Nf6 4. g3 Nc6 5. d4 d6 6. Bg2 e4 7. a3 Ne7 8. b4 d5 9.
c5 Bd7 10. Nh3 Ng6 11. Qb3 Be6 12. Ng5 Bg8 13. h4 h6 14. Nh3 Be6 15. Ne2 Be7
16. Nhf4 Nxf4 17. Nxf4 Bf7 18. h5 O-O 19. Bb2 c6 20. Qd1 Qd7 21. a4 Qe8 22. a5
a6 23. Qe2 Ng4 24. O-O-O Qd7 25. Bh3 Bg5 26. Bxg4 fxg4 27. Ng6 Bxg6 28. hxg6
Rf3 29. Rdf1 Qf5 30. Bc3 Rf8 31. Bd2 Qxg6 32. Rh2 Qf5 33. Kd1 Rxg3 34. fxg3
Qxf1+ 35. Qxf1 Rxf1+ 36. Ke2 Rf3 37. Rg2 h5 38. Rh2 g6 39. Rg2 Kg7 40. Rg1 Kf6
41. Rf1 Rxf1 42. Kxf1 Kf5 43. Kg2 Bd8 44. Be1 Be7 45. Bf2 Bg5 46. Kh2 Bd8 47.
Kg2 g5 48. Be1 h4 49. Bf2 h3+ 50. Kh2 Bf6 51. Kg1 {Diagram #} Bxd4 $1 $19 52.
exd4 e3 53. Bxe3 Ke4 54. Bf2 Kd3 55. Kh2 Kc4 56. Kg1 Kxb4 57. Be1+ Kc4 58. Bf2
Kd3 59. Kf1 Kd2 60. Be1+ Ke3 61. Bf2+ Kf3 62. Bg1 Kxg3 63. Bf2+ Kf3 64. Bg1 g3
65. Bf2 h2 0-1

[Event "African Championship 2013 Women"]
[Site "Hotel Sol Phebus - Tunis"]
[Date "2013.05.25"]
[Round "7.5"]
[White "Lopang, Tshepiso"]
[Black "Abdelmenaem, Sohayla"]
[Result "1-0"]
[WhiteElo "1784"]
[BlackElo "1766"]
[PlyCount "115"]
[EventDate "2013.05.18"]
[EventRounds "9"]
[EventCountry "TUN"]

1. Nf3 Nf6 2. b3 g6 3. Bb2 Bg7 4. d4 O-O 5. e3 d5 6. c4 dxc4 7. Bxc4 c5 8. O-O
Nc6 9. dxc5 Qc7 10. h3 Rd8 11. Qe1 Bf5 12. Na3 a6 13. Rc1 Ne4 14. Bxg7 Kxg7 15.
Be2 Rd5 16. b4 Rad8 17. Nc4 Re8 18. Nb6 Rdd8 19. Bc4 Ne5 20. Nd4 Nxc4 21. Nxf5+
gxf5 22. Nxc4 Rd3 23. Qe2 Red8 24. Qb2+ f6 25. a3 f4 26. Qe2 Kh8 27. exf4 Qxf4
28. Qg4 Qxg4 29. hxg4 Nd2 30. Nxd2 Rxd2 31. c6 bxc6 32. Rxc6 Ra8 33. Rfc1 Kg7
34. Re6 Kf7 35. Rcc6 a5 36. b5 Rd3 37. Re3 Rd1+ 38. Kh2 Rb1 39. a4 Rb4 40. Ra3
Rxg4 41. Rh3 Rh8 42. Ra3 Rhg8 43. g3 Ra8 44. Rc7 Re4 45. Kg2 Ke6 46. Re3 Rxe3
47. fxe3 Kd6 48. Rc4 Ra7 49. Kf3 Kd5 50. Rc6 e6 51. e4+ Ke5 52. Ra6 Rd7 53. b6
Rb7 54. Rxa5+ Kd6 55. Ra6 Kc6 56. a5 Kb5 57. Ra7 Rb8 58. b7 1-0

[Event "African Championship 2013 Women"]
[Site "Hotel Sol Phebus - Tunis"]
[Date "2013.05.25"]
[Round "7.6"]
[White "Solomons, Anzel"]
[Black "Lahmar, Chaima"]
[Result "1-0"]
[WhiteElo "1931"]
[BlackElo "1509"]
[PlyCount "69"]
[EventDate "2013.05.18"]
[EventRounds "9"]
[EventCountry "TUN"]

1. d4 d5 2. c4 e6 3. Nc3 Nf6 4. Bg5 c6 5. e3 Nbd7 6. Nf3 Qa5 7. Bxf6 Nxf6 8.
Nd2 Bb4 9. Qc2 Ne4 10. Ncxe4 dxe4 11. a3 Bxd2+ 12. Qxd2 Qxd2+ 13. Kxd2 O-O 14.
c5 Rd8 15. Kc3 e5 16. Bc4 exd4+ 17. exd4 Kf8 18. b4 b5 19. Bb3 Rb8 20. Rad1 Bb7
21. Rhe1 Re8 22. d5 cxd5 23. Bxd5 Bxd5 24. Rxd5 Rb7 25. Kd4 Rbe7 26. c6 Rc7 27.
Rc1 a6 28. Re5 Rxe5 29. Kxe5 Ke7 30. Kd5 Rc8 31. Kc5 Rb8 32. c7 Re8 33. Rd1 Rc8
34. Kc6 Ra8 35. Kb7 1-0

[Event "African Championship 2013 Women"]
[Site "Hotel Sol Phebus - Tunis"]
[Date "2013.05.25"]
[Round "7.7"]
[White "Marzouk, Amira"]
[Black "Matoussi, Amani"]
[Result "1-0"]
[WhiteElo "1651"]
[BlackElo "1625"]
[PlyCount "65"]
[EventDate "2013.05.18"]
[EventRounds "9"]
[EventCountry "TUN"]

1. e4 e5 2. Nf3 Nf6 3. Nc3 Nc6 4. g3 Bc5 5. Bg2 O-O 6. O-O a6 7. d3 d6 8. h3 h6
9. Kh2 Be6 10. Be3 Nd4 11. Ne2 Nxf3+ 12. Bxf3 Bxe3 13. fxe3 Qd7 14. Bg2 Nh7 15.
Ng1 f5 16. exf5 Rxf5 17. Rxf5 Bxf5 18. g4 Be6 19. Bxb7 Rb8 20. Bxa6 Rxb2 21. a4
Qc6 22. Bb5 Rxc2+ 23. Ne2 Qc3 24. Rb1 Ba2 25. Rc1 Rxc1 26. Qxc1 Qxc1 27. Nxc1
Bd5 28. a5 Kf8 29. a6 Ke7 30. a7 Kd8 31. Nb3 Nf8 32. Na5 Kc8 33. Ba6+ 1-0

[Event "African Championship 2013 Women"]
[Site "Hotel Sol Phebus - Tunis"]
[Date "2013.05.25"]
[Round "7.8"]
[White "Baktach, Nesrine"]
[Black "Meddeb, Chadha"]
[Result "1/2-1/2"]
[WhiteElo "1684"]
[BlackElo "1677"]
[PlyCount "35"]
[EventDate "2013.05.18"]
[EventRounds "9"]
[EventCountry "TUN"]

1. e4 e5 2. Nf3 Nf6 3. Nc3 Bb4 4. Nxe5 Bxc3 5. dxc3 d6 6. Nf3 Nxe4 7. Bd3 Nf6
8. O-O O-O 9. Re1 Bg4 10. Bg5 Nbd7 11. Be2 Re8 12. Nd4 Bxe2 13. Rxe2 Rxe2 14.
Qxe2 Qe8 15. Qxe8+ Rxe8 16. Kf1 a6 17. Re1 Rxe1+ 18. Kxe1 1/2-1/2

[Event "African Championship 2013 Women"]
[Site "Hotel Sol Phebus - Tunis"]
[Date "2013.05.26"]
[Round "8.1"]
[White "Tlale, Tshepang"]
[Black "Wafa, Shrook"]
[Result "1-0"]
[WhiteElo "1790"]
[BlackElo "1965"]
[PlyCount "101"]
[EventDate "2013.05.18"]
[EventRounds "9"]
[EventCountry "TUN"]

1. e4 c5 2. Nf3 Nc6 3. d4 cxd4 4. Nxd4 g6 5. c4 Bg7 6. Be3 Nf6 7. Nc3 d6 8. Be2
Bd7 9. O-O O-O 10. Rc1 Rc8 11. b3 Re8 12. Qd2 Qa5 13. f3 a6 14. Nxc6 bxc6 15.
Rfd1 Be6 16. Na4 Qxd2 17. Rxd2 d5 18. exd5 cxd5 19. c5 d4 20. Rxd4 Nd5 21. Rxd5
Bxd5 22. Nb6 Rcd8 23. c6 Bxc6 24. Rxc6 Bd4 25. Bxd4 Rxd4 26. Nc4 Ra8 27. b4 Kf8
28. Kf2 Ke8 29. Nb6 Rb8 30. a3 Rd2 31. Nc4 Ra2 32. Rxa6 f6 33. Ke3 Rc8 34. b5
Rxe2+ 35. Kxe2 Rxc4 36. Kd3 Rc5 37. a4 Kd7 38. Ra7+ Kd6 39. Ra6+ Kd5 40. b6 Rc1
41. a5 Kc6 42. Ra7 Rb1 43. Rxe7 Rb5 44. Rc7+ Kd6 45. Ra7 Kc6 46. Kc4 Rb2 47.
Rc7+ Kd6 48. Rxh7 Kc6 49. Rf7 Rxg2 50. b7 Rb2 51. a6 1-0

[Event "African Championship 2013 Women"]
[Site "Hotel Sol Phebus - Tunis"]
[Date "2013.05.26"]
[Round "8.2"]
[White "Mudongo, Boikhutso"]
[Black "Mezioud, Amina"]
[Result "0-1"]
[WhiteElo "1875"]
[BlackElo "2029"]
[PlyCount "78"]
[EventDate "2013.05.18"]
[EventRounds "9"]
[EventCountry "TUN"]

1. e4 c6 2. d4 d5 3. e5 Bf5 4. f4 e6 5. Nf3 Nd7 6. Nbd2 c5 7. Be2 Ne7 8. Nh4
cxd4 9. Nb3 Be4 10. O-O Nc6 11. Nf3 Qb6 12. Nbxd4 Nxd4 13. Nxd4 Bxc2 14. Qxc2
Qxd4+ 15. Kh1 Qb6 16. Rf3 Be7 17. Be3 Qd8 18. Bd3 g6 19. Raf1 b6 20. Qe2 O-O
21. Rh3 Bc5 22. Bc1 f5 23. g4 Qe7 24. gxf5 gxf5 25. Bd2 Kh8 26. Be1 Qf7 27. Bh4
Be7 28. Bxe7 Qxe7 29. Rh6 Nc5 30. Bb5 a6 31. Bd3 Nxd3 32. Qxd3 Rg8 33. Rf3 Qg7
34. Rxh7+ Qxh7 35. Rh3 Rg7 36. Rxh7+ Rxh7 37. Qb3 b5 38. Qa3 Rd7 39. Qh3+ Kg8
0-1

[Event "African Championship 2013 Women"]
[Site "Hotel Sol Phebus - Tunis"]
[Date "2013.05.26"]
[Round "8.3"]
[White "Marzouk, Amira"]
[Black "Moaataz, Ayah"]
[Result "0-1"]
[WhiteElo "1651"]
[BlackElo "1923"]
[PlyCount "104"]
[EventDate "2013.05.18"]
[EventRounds "9"]
[EventCountry "TUN"]

1. e4 c6 2. d4 d5 3. exd5 cxd5 4. Bd3 Nc6 5. c3 Nf6 6. h3 e6 7. Bf4 Bd6 8. Bxd6
Qxd6 9. Nd2 a6 10. a4 O-O 11. Ngf3 Rb8 12. a5 e5 13. dxe5 Nxe5 14. Nxe5 Qxe5+
15. Qe2 Qc7 16. O-O Re8 17. Qd1 Ne4 18. Re1 Bf5 19. Nf3 Qf4 20. Bc2 Rbd8 21.
Qc1 Qd6 22. Qd1 Bg6 23. Nd4 Qc5 24. f3 Nd6 25. Rxe8+ Rxe8 26. Bxg6 hxg6 27. Kh1
Nc4 28. Qa4 Re7 29. b3 Ne3 30. Qb4 Qc7 31. Ra2 Nf5 32. Ra1 Ne3 33. Ra2 Ng4 34.
g3 Nf6 35. Re2 Rxe2 36. Nxe2 Qe5 37. Nf4 Qe1+ 38. Kg2 g5 39. Nd3 Qe2+ 40. Nf2
Qa2 41. Qxb7 Qxa5 42. Qc8+ Kh7 43. Qf5+ Kh8 44. Qc8+ Ng8 45. g4 g6 46. Nd3 Qb5
47. Nc5 Qe2+ 48. Kg1 Qe3+ 49. Kg2 Qxc3 50. Qf8 Qf6 51. Qa8 Qb2+ 52. Kg3 Qc1 0-1

[Event "African Championship 2013 Women"]
[Site "Hotel Sol Phebus - Tunis"]
[Date "2013.05.26"]
[Round "8.4"]
[White "Elansary, Eman"]
[Black "Lahmar, Chaima"]
[Result "1-0"]
[WhiteElo "1859"]
[BlackElo "1509"]
[PlyCount "45"]
[EventDate "2013.05.18"]
[EventRounds "9"]
[EventCountry "TUN"]

1. d4 d5 2. e3 c6 3. Bd3 Nf6 4. Nd2 Nbd7 5. f4 e6 6. Qf3 c5 7. c3 cxd4 8. exd4
Qc7 9. Nh3 Bd6 10. O-O O-O 11. g4 Kh8 12. g5 Ng8 13. Qh5 g6 14. Qh4 f5 15. gxf6
Rxf6 16. Nf3 Nf8 17. Bd2 Qg7 18. Ne5 Bxe5 19. fxe5 Rxf1+ 20. Rxf1 Bd7 21. Ng5
Be8 22. Rxf8 h6 23. Nxe6 1-0

[Event "African Championship 2013 Women"]
[Site "Hotel Sol Phebus - Tunis"]
[Date "2013.05.26"]
[Round "8.5"]
[White "Baktach, Nesrine"]
[Black "Lopang, Tshepiso"]
[Result "1-0"]
[WhiteElo "1684"]
[BlackElo "1784"]
[PlyCount "151"]
[EventDate "2013.05.18"]
[EventRounds "9"]
[EventCountry "TUN"]

1. e4 d5 2. exd5 Qxd5 3. Nc3 Qd8 4. Nf3 Nf6 5. Bc4 Bg4 6. Bxf7+ Kxf7 7. Ne5+
Kg8 8. Nxg4 c6 9. Qe2 h6 10. Ne5 Qe8 11. Qc4+ e6 12. O-O Nbd7 13. d4 Rd8 14.
Ne2 Nd5 15. Nf4 Nxe5 16. dxe5 Nxf4 17. Bxf4 Kh7 18. Rad1 Rd7 19. Rd3 Qf7 20.
Rfd1 Rd5 21. Qe4+ g6 22. c4 Rxd3 23. Rxd3 Bc5 24. Be3 Bxe3 25. Qxe3 a6 26. Qd2
Re8 27. Rh3 g5 28. Qxg5 Qg6 29. Qxg6+ Kxg6 30. Kf1 Rd8 31. Ke2 Rd4 32. b3 b5
33. cxb5 axb5 34. Rc3 Re4+ 35. Kd3 Rxe5 36. Rxc6 Kf5 37. b4 Rd5+ 38. Kc3 Kf6
39. Rc5 Rd1 40. Rxb5 Rf1 41. Rb8 Ke7 42. a4 Rxf2 43. Rg8 Rf1 44. b5 Kd6 45. b6
Kc6 46. a5 Rc1+ 47. Kd4 Ra1 48. Rg6 Rxa5 49. Rxe6+ Kb7 50. Rxh6 Rg5 51. g3 Ra5
52. Kc4 Rg5 53. Kd4 Ra5 54. Ke4 Ra4+ 55. Kf5 Ra5+ 56. Kg4 Ra4+ 57. Kh3 Ra5 58.
Rf6 Rh5+ 59. Kg2 Ra5 60. h4 Rb5 61. g4 Rb2+ 62. Kg3 Rb3+ 63. Kf4 Rb4+ 64. Kg5
Rb5+ 65. Kg6 Rb4 66. Kg5 Rb5+ 67. Rf5 Rxb6 68. h5 Re6 69. h6 Re7 70. Kg6 Re4
71. g5 Kc7 72. Rf7+ Kd6 73. h7 Re8 74. Kg7 Ke6 75. Rf6+ Ke5 76. h8=Q 1-0

[Event "African Championship 2013 Women"]
[Site "Hotel Sol Phebus - Tunis"]
[Date "2013.05.26"]
[Round "8.6"]
[White "Matoussi, Amani"]
[Black "Solomons, Anzel"]
[Result "0-1"]
[WhiteElo "1625"]
[BlackElo "1931"]
[PlyCount "38"]
[EventDate "2013.05.18"]
[EventRounds "9"]
[EventCountry "TUN"]

1. e4 e5 2. Nf3 Nc6 3. d4 exd4 4. Bc4 Nf6 5. e5 d5 6. Bb5 Ne4 7. Nxd4 Bd7 8.
Bxc6 bxc6 9. O-O Bc5 10. Be3 Bb6 11. Nd2 Nxd2 12. Qxd2 h6 13. f4 c5 14. Nb3 d4
15. Bf2 Bc6 16. c3 Qd5 17. Bg3 d3 18. Kh1 c4 19. Nc1 Be3 0-1

[Event "African Championship 2013 Women"]
[Site "Hotel Sol Phebus - Tunis"]
[Date "2013.05.26"]
[Round "8.7"]
[White "Abdelmenaem, Sohayla"]
[Black "Abdi, Zineb Dina"]
[Result "0-1"]
[WhiteElo "1766"]
[BlackElo "1905"]
[PlyCount "90"]
[EventDate "2013.05.18"]
[EventRounds "9"]
[EventCountry "TUN"]

1. d4 d5 2. c4 e6 3. Nc3 Nf6 4. Bg5 Be7 5. e3 Nbd7 6. cxd5 exd5 7. Qc2 c6 8.
Bd3 O-O 9. Nge2 Re8 10. O-O Nf8 11. Rad1 Ng6 12. f3 Nh5 13. Bxe7 Qxe7 14. e4
dxe4 15. fxe4 Qg5 16. Kh1 Bg4 17. Bc4 Re7 18. Rde1 Qh6 19. Rf2 b5 20. Bd3 b4
21. Na4 Bxe2 22. Qxc6 Rae8 23. Bxe2 Ng3+ 24. Kg1 Nxe4 25. Rf3 Qd2 26. Qc1 Qxc1
27. Rxc1 Nd2 28. Bb5 Nxf3+ 29. gxf3 Rd8 30. Rc4 a5 31. a3 bxa3 32. bxa3 Re3 33.
Nc3 Rxf3 34. d5 Rd3 35. Rc5 Rd2 36. Bc6 Ne5 37. Rxa5 f5 38. a4 f4 39. Ne4 Rc2
40. Ra6 f3 41. a5 Ng4 42. Ng3 Rg2+ 43. Kf1 Nxh2+ 44. Ke1 Rxg3 45. Rb6 Rg2 0-1

[Event "African Championship 2013 Women"]
[Site "Hotel Sol Phebus - Tunis"]
[Date "2013.05.26"]
[Round "8.8"]
[White "Meddeb, Chadha"]
[Black "Nouali, Djouher"]
[Result "1-0"]
[WhiteElo "1677"]
[BlackElo "1727"]
[PlyCount "125"]
[EventDate "2013.05.18"]
[EventRounds "9"]
[EventCountry "TUN"]

1. e4 d6 2. d4 Nf6 3. Nc3 c6 4. Nf3 Bg4 5. Be2 e6 6. O-O Be7 7. e5 dxe5 8. dxe5
Nd5 9. Qd4 Nxc3 10. Qxc3 O-O 11. Re1 Nd7 12. Bf4 a5 13. a3 Qc7 14. Rad1 Nb6 15.
Bg3 Nd5 16. Qd4 Bf5 17. Bd3 Bxd3 18. Rxd3 Rad8 19. Qg4 Nb6 20. Red1 Rxd3 21.
Rxd3 Rd8 22. Qe4 Rxd3 23. Qxd3 Qd8 24. Qxd8+ Bxd8 25. b3 Nd5 26. Nd2 Be7 27. a4
b5 28. axb5 cxb5 29. c4 Nc3 30. cxb5 Nxb5 31. f4 Bb4 32. Nf3 Nc3 33. Kf1 Ne4
34. Bf2 Kf8 35. Be3 Ke7 36. Ke2 Nc3+ 37. Kd3 Nd5 38. Bc1 Kd7 39. Ng5 h6 40.
Nxf7 Ke7 41. Nh8 Be1 42. Ke2 Bb4 43. Ng6+ Kf7 44. Nh4 Nc3+ 45. Kd3 Na2 46. Bb2
Be7 47. Nf3 Nb4+ 48. Kc4 Nd5 49. Bc1 Kg6 50. Nd4 Nc7 51. Nc6 Nd5 52. Nxe7+ Nxe7
53. Kb5 Kf5 54. Kxa5 Ke4 55. Kb5 Kd5 56. Ba3 Ng6 57. g3 h5 58. h4 Nh8 59. Kb6
Ng6 60. Bd6 Ke4 61. Kc6 Kf3 62. b4 Kxg3 63. b5 1-0

[Event "African Championship 2013 Women"]
[Site "Hotel Sol Phebus - Tunis"]
[Date "2013.05.27"]
[Round "9.1"]
[White "Wafa, Shrook"]
[Black "Baktach, Nesrine"]
[Result "1-0"]
[WhiteElo "1965"]
[BlackElo "1684"]
[PlyCount "67"]
[EventDate "2013.05.18"]
[EventRounds "9"]
[EventCountry "TUN"]

1. e4 c6 2. d4 d5 3. Nc3 dxe4 4. Nxe4 Nd7 5. Ng5 h6 6. Ne6 Qb6 7. Nxf8 Nxf8 8.
Nf3 Nf6 9. c3 Bf5 10. Bd3 Bxd3 11. Qxd3 Ng6 12. O-O O-O 13. Qc2 Rfe8 14. Re1 e6
15. Ne5 Nxe5 16. dxe5 Nd5 17. Qe2 Ne7 18. Be3 Qc7 19. Bc5 Nf5 20. g4 Nh4 21. c4
Ng6 22. Bd6 Qd8 23. Qe3 Qh4 24. Qg3 Qxg3+ 25. hxg3 Ne7 26. Rad1 Rad8 27. Bc7
Rxd1 28. Rxd1 Ng6 29. Rd7 Re7 30. Rd8+ Kh7 31. Bd6 b6 32. Bxe7 Nxe7 33. Rd7 Ng6
34. f4 1-0

[Event "African Championship 2013 Women"]
[Site "Hotel Sol Phebus - Tunis"]
[Date "2013.05.27"]
[Round "9.2"]
[White "Solomons, Anzel"]
[Black "Mezioud, Amina"]
[Result "1/2-1/2"]
[WhiteElo "1931"]
[BlackElo "2029"]
[PlyCount "90"]
[EventDate "2013.05.18"]
[EventRounds "9"]
[EventCountry "TUN"]

1. Nf3 Nf6 2. c4 d6 3. g3 e5 4. d3 Nc6 5. Bg2 g6 6. b3 Bg7 7. Bb2 O-O 8. O-O
Ng4 9. h3 Nh6 10. Nbd2 f5 11. e3 g5 12. a3 a5 13. Qc2 Bf6 14. Rae1 g4 15. Nh2
gxh3 16. Bxh3 Kh8 17. Bg2 Rg8 18. Bc3 Rg6 19. b4 a4 20. Bf3 Qg8 21. Kg2 Bd7 22.
Rh1 Nd8 23. Reg1 c6 24. Bh5 Rg7 25. Kf1 Be6 26. Nhf3 Ndf7 27. Rh2 b5 28. Bb2
Rc8 29. d4 bxc4 30. Nxc4 Bxc4+ 31. Qxc4 d5 32. Qa6 e4 33. Ne5 Nd6 34. Qxa4 Qe6
35. Be2 Bxe5 36. dxe5 Ndf7 37. Qb3 Ng4 38. Bxg4 fxg4 39. Rh5 Rf8 40. Rgh1 Ng5
41. Rh6 Qf5 42. Rf6 Rxf6 43. exf6 Rf7 44. Qa4 Kg8 45. Qxc6 Nh3 1/2-1/2

[Event "African Championship 2013 Women"]
[Site "Hotel Sol Phebus - Tunis"]
[Date "2013.05.27"]
[Round "9.3"]
[White "Moaataz, Ayah"]
[Black "Meddeb, Chadha"]
[Result "1-0"]
[WhiteElo "1923"]
[BlackElo "1677"]
[PlyCount "57"]
[EventDate "2013.05.18"]
[EventRounds "9"]
[EventCountry "TUN"]

1. c4 g6 2. Nc3 Nf6 3. g3 Bg7 4. Bg2 c6 5. Nf3 O-O 6. O-O d6 7. d4 d5 8. cxd5
cxd5 9. a3 Nc6 10. b4 b6 11. Bb2 Bb7 12. Rc1 Rc8 13. Qd3 Re8 14. e3 e5 15. dxe5
Nxe5 16. Nxe5 Rxe5 17. Nb5 Re7 18. Nxa7 Rxc1 19. Rxc1 Qa8 20. Nb5 Rd7 21. Bd4
Qd8 22. Nc3 Qa8 23. a4 Qd8 24. Qb5 Rd6 25. a5 Nd7 26. Bxg7 Kxg7 27. a6 Bc6 28.
Qd3 Qa8 29. b5 1-0

[Event "African Championship 2013 Women"]
[Site "Hotel Sol Phebus - Tunis"]
[Date "2013.05.27"]
[Round "9.4"]
[White "Abdi, Zineb Dina"]
[Black "Elansary, Eman"]
[Result "1-0"]
[WhiteElo "1905"]
[BlackElo "1859"]
[PlyCount "99"]
[EventDate "2013.05.18"]
[EventRounds "9"]
[EventCountry "TUN"]

1. e4 Nf6 2. e5 Nd5 3. d4 d6 4. c4 Nb6 5. exd6 cxd6 6. Nc3 g6 7. Be3 Bg7 8. Rc1
O-O 9. b3 Nc6 10. d5 Nb4 11. a3 Na6 12. Be2 Bd7 13. Nf3 Nc5 14. O-O Rc8 15. Nd4
a6 16. f4 e5 17. dxe6 Nxe6 18. Kh1 d5 19. Nxe6 Bxe6 20. Nxd5 Nxd5 21. cxd5 Qxd5
22. Qxd5 Bxd5 23. Bc4 Bxc4 24. Rxc4 Rxc4 25. bxc4 Rc8 26. c5 Bb2 27. a4 Re8 28.
Bg1 Bc3 29. g3 Re4 30. Rc1 Bb4 31. Rd1 Kf8 32. Rd7 Re7 33. Rd8+ Re8 34. Rd7 Rb8
35. Kg2 Ke8 36. Rd4 a5 37. Kf3 Rd8 38. Rxd8+ Kxd8 39. Ke4 Ke7 40. Kd5 Bc3 41.
c6 bxc6+ 42. Kxc6 Ke6 43. Kb5 Kd5 44. Bb6 h5 45. Bxa5 Bxa5 46. Kxa5 Kc5 47. Ka6
Kc6 48. Ka7 Kc7 49. a5 f6 50. h3 1-0

[Event "African Championship 2013 Women"]
[Site "Hotel Sol Phebus - Tunis"]
[Date "2013.05.27"]
[Round "9.5"]
[White "Marzouk, Amira"]
[Black "Tlale, Tshepang"]
[Result "0-1"]
[WhiteElo "1651"]
[BlackElo "1790"]
[PlyCount "74"]
[EventDate "2013.05.18"]
[EventRounds "9"]
[EventCountry "TUN"]

1. e4 c5 2. Nf3 d6 3. d4 cxd4 4. Qxd4 Nc6 5. Bb5 Bd7 6. Bxc6 Bxc6 7. Bg5 Nf6 8.
Nc3 e6 9. O-O-O Be7 10. Qd3 a6 11. Nd4 Bd7 12. f4 h6 13. Bxf6 Bxf6 14. f5 Bg5+
15. Kb1 O-O 16. Nf3 exf5 17. exf5 Rc8 18. g4 Bc6 19. Nd5 Bf6 20. Nxf6+ Qxf6 21.
h4 Qe7 22. g5 Be4 23. Rde1 Bxd3 24. Rxe7 Bxc2+ 25. Ka1 Bxf5 26. gxh6 gxh6 27.
Nd4 Bh7 28. Rxb7 Rc4 29. Nb3 Kh8 30. Rb6 Rg8 31. Rxd6 Rxh4 32. Rc1 Rg6 33. Rd8+
Kg7 34. Nd4 Rg2 35. Nf3 Rf4 36. Ne5 Re4 37. Rd5 Rg5 0-1

[Event "African Championship 2013 Women"]
[Site "Hotel Sol Phebus - Tunis"]
[Date "2013.05.27"]
[Round "9.6"]
[White "Lahmar, Chaima"]
[Black "Mudongo, Boikhutso"]
[Result "0-1"]
[WhiteElo "1509"]
[BlackElo "1875"]
[PlyCount "82"]
[EventDate "2013.05.18"]
[EventRounds "9"]
[EventCountry "TUN"]

1. e4 c5 2. Nf3 d6 3. d4 cxd4 4. Nxd4 Nf6 5. Nc3 a6 6. Bc4 e6 7. Bg5 Be7 8. O-O
O-O 9. Re1 Qc7 10. Bb3 Re8 11. h3 Nbd7 12. Nf3 b5 13. a3 Bb7 14. Ba2 h6 15. Bh4
Rac8 16. Bg3 Ne5 17. Nxe5 dxe5 18. Qe2 b4 19. axb4 Bxb4 20. Qe3 Nh5 21. Bb3
Nxg3 22. Qxg3 Bxc3 23. Qxc3 Qxc3 24. bxc3 Rxc3 25. Ra5 f6 26. f3 Re7 27. Rd1
Rc6 28. Rd3 Rec7 29. Kf2 Kf7 30. Ke2 Ke7 31. Kd2 Rc5 32. Rxc5 Rxc5 33. Rc3 Rxc3
34. Kxc3 Kd6 35. Bc4 Bc8 36. Kb4 Kc6 37. Ka5 Kc5 38. Bxa6 Bxa6 39. Kxa6 f5 40.
g4 fxg4 41. hxg4 g6 0-1

[Event "African Championship 2013 Women"]
[Site "Hotel Sol Phebus - Tunis"]
[Date "2013.05.27"]
[Round "9.7"]
[White "Lopang, Tshepiso"]
[Black "Matoussi, Amani"]
[Result "1-0"]
[WhiteElo "1784"]
[BlackElo "1625"]
[PlyCount "81"]
[EventDate "2013.05.18"]
[EventRounds "9"]
[EventCountry "TUN"]

1. b3 Nf6 2. Bb2 g6 3. Nf3 Bg7 4. e3 d6 5. d4 O-O 6. Be2 a6 7. O-O d5 8. Nbd2
Ne4 9. c4 c6 10. Qc2 Bf5 11. Qd1 Nd7 12. Rc1 Qa5 13. Nxe4 Bxe4 14. Bc3 Qxa2 15.
Ng5 Nf6 16. f3 dxc4 17. fxe4 cxb3 18. Ra1 Qc2 19. Qxc2 bxc2 20. Bd3 Ng4 21.
Rfe1 Bh6 22. h4 f6 23. Bc4+ Kh8 24. Nf7+ Rxf7 25. Bxf7 Bxe3+ 26. Rxe3 Nxe3 27.
Bd2 Nd1 28. Bb3 Nb2 29. Bxc2 Nc4 30. Bc3 Kg7 31. Kf2 Nd6 32. g4 Kf8 33. Ke3 Nb5
34. Bb2 Rd8 35. Rf1 Nd6 36. Bb3 Ke8 37. e5 fxe5 38. dxe5 Nc8 39. e6 Nd6 40. Bg7
Rc8 41. Rf8# 1-0

[Event "African Championship 2013 Women"]
[Site "Hotel Sol Phebus - Tunis"]
[Date "2013.05.27"]
[Round "9.8"]
[White "Nouali, Djouher"]
[Black "Abdelmenaem, Sohayla"]
[Result "1-0"]
[WhiteElo "1727"]
[BlackElo "1766"]
[PlyCount "83"]
[EventDate "2013.05.18"]
[EventRounds "9"]
[EventCountry "TUN"]

1. Nf3 Nf6 2. g3 g6 3. Bg2 Bg7 4. d3 O-O 5. e4 d6 6. Nbd2 c5 7. O-O Nc6 8. c3
e5 9. a3 b5 10. b4 Rb8 11. Re1 Qc7 12. Bb2 h6 13. Qe2 Qb6 14. Reb1 cxb4 15.
axb4 Re8 16. Nb3 Be6 17. Bc1 Kh7 18. Na5 Nxa5 19. Rxa5 Qc7 20. Qb2 Rec8 21. Bd2
d5 22. Ne1 dxe4 23. dxe4 Ne8 24. Rba1 Rb7 25. Nc2 Nd6 26. Ne3 h5 27. Qc1 Nc4
28. Nxc4 Bxc4 29. Qa3 Rd8 30. Be3 Be6 31. Bxa7 Bf8 32. Be3 Rd3 33. Rc1 Bh6 34.
Bxh6 Kxh6 35. Bf1 Rd2 36. c4 Qd6 37. c5 Qd8 38. c6 Rc7 39. Rxb5 Rd6 40. Rbc5
Qe8 41. b5 Kg7 42. Rxe5 1-0